000 00591nam a22001817a 4500
999 _c170242
_d170242
005 20191212140922.0
010 _aENG-127101
020 _c225.00
_a9789353166861
035 _aEN-110633
037 _bDBAD/PUB
082 _a574.522
100 _aGarg, Pankaj
245 _aEnvironmental ecology :
_cby Pankaj Garg
_bbiodiversity & clilmate change /
260 _aChennai
_bMcGraw Hill Education
_c2020
270 _a444/1, Sri Ekambara Naicker Industrial Estate
_bPorur , Chennai
_e600116
300 _axi,various paging .
_c23cm(pbk)
942 _2ddc
_cEN
_h574.522
_mGAR